000 00254nam a2200097Ia 4500
001 1064005
005 20250827001707.0
008 250824s9999 xx 000 0 und d
245 0 _aFERMAN PADİŞAHINDIR
_cR. KEMAL SUBAŞI
260 _bÇINARALTI YAYINLARI
999 _c1064005
_d1064005